東京都にある駅だけを選ぶ -サドンデス- - Statistics

General Stats
  • This quiz has been taken 10,459 times
    9,136 since last reset
  • The average score is 14 of 25
Answers on the Grid
Answers color-coded by a green-red scale on the quiz's grid according to % correct below.
東京駅
大阪駅
新宿駅
名古屋駅
大宮駅
上野駅
品川駅
博多駅
立川駅
渋谷駅
海老名駅
船橋駅
吉祥寺駅
川口駅
赤羽駅
橋本駅
妙典駅
石川駅
牛田駅
六郷土手駅
横浜駅
舞浜駅
武蔵関駅
武蔵小杉駅
北小金駅
南千里駅
東長崎駅
西早稲田駅
上山口駅
下赤塚駅
国会議事堂前駅
丸ノ内駅
霞ヶ浦駅
霞ケ関駅
大手町駅
大井町駅
御成門駅
毘沙門駅
桜田門駅
三毛門駅
獨協大学前駅
成城学園前駅
学芸大学駅
東海学園前駅
錦糸町駅
桜木町駅
弁天町駅
椎名町駅
新大久保駅
新今宮駅
 
Answer Stats
Answer % Correct
千代田区 東京駅
99%
新宿区 新宿駅
92%
港区 品川駅
91%
台東区 上野駅
90%
渋谷区 渋谷駅
89%
立川市 立川駅
86%
武蔵野市 吉祥寺駅
85%
北区 赤羽駅
77%
千代田区 国会議事堂前駅
51%
新宿区 西早稲田駅
48%
千代田区 大手町駅
45%
新宿区 新大久保駅
45%
千代田区 霞ケ関駅
43%
墨田区 錦糸町駅
43%
品川区 大井町駅
41%
千代田区 桜田門駅
41%
目黒区 学芸大学駅
38%
大田区 六郷土手駅
36%
豊島区 東長崎駅
36%
港区 御成門駅
36%
世田谷区 成城学園前駅
35%
練馬区 武蔵関駅
34%
足立区 牛田駅
33%
板橋区 下赤塚駅
33%
豊島区 椎名町駅
31%
No matching quizzes found
Score Distribution
Percent of People with Each Score
Percentile by Number Answered
Your Score History
You have not taken this quiz since the last reset